书目信息 |
| 题名: |
论中国新型城镇化空间布局的优化方略
|
|
| 作者: | 高国力 , 刘保奎 著 | |
| 分册: | ||
| 出版信息: | 北京 中国社会科学出版社 2021.11 |
|
| 页数: | 261页 | |
| 开本: | 24cm | |
| 丛书名: | ||
| 单 册: | ||
| 中图分类: | TU984.2 , F299.2 | |
| 科图分类: | ||
| 主题词: | 城市化--cheng shi hua--城市规划--空间规划--研究--中国 | |
| 电子资源: | ||
| ISBN: | 978-7-5203-9340-9 | |
| 000 | 01214nam0 2200253 450 | |
| 001 | 011025152755 | |
| 005 | 20221025152755.0 | |
| 010 | @a978-7-5203-9340-9@dCNY95.00 | |
| 100 | @a20201004d2021 em y0chiy0120 ea | |
| 101 | 0 | @achi |
| 102 | @aCN@b110000 | |
| 105 | @ay z 000yy | |
| 106 | @ar | |
| 200 | 1 | @a论中国新型城镇化空间布局的优化方略@Alun zhong guo xin xing cheng zhen hua kong jian bu ju de you hua fang lue@dStudy on the optimization strategy of spatial layout of urbanization in China@f高国力, 刘保奎等著@zeng |
| 210 | @a北京@c中国社会科学出版社@d2021.11 | |
| 215 | @a261页@d24cm | |
| 330 | @a本书共六章,内容包括:世界典型国家城镇化中后期空间布局的特征及启示、城镇化空间形态的演变特征和趋势研究、产业发展对城镇化空间调整优化的影响研究、人口分布对城镇化空间调整优化的影响研究、交通运输对城镇化空间调整优化的影响研究、生态安全对城镇化空间调整优化的影响研究等。 | |
| 510 | 1 | @aStudy on the optimization strategy of spatial layout of urbanization in China@zeng |
| 606 | 0 | @a城市化@Acheng shi hua@x城市规划@x空间规划@x研究@y中国 |
| 690 | @aTU984.2@v5 | |
| 690 | @aF299.2@v5 | |
| 701 | 0 | @a高国力@Agao guo li@4著 |
| 701 | 0 | @a刘保奎@Aliu bao kui@4著 |
| 905 | @a河南城建学院图书馆@dTU984.2@eG133 | |
| 论中国新型城镇化空间布局的优化方略=Study on the optimization strategy of spatial layout of urbanization in China/高国力, 刘保奎等著.-北京:中国社会科学出版社,2021.11 |
| 261页;24cm |
| ISBN 978-7-5203-9340-9:CNY95.00 |
| 本书共六章,内容包括:世界典型国家城镇化中后期空间布局的特征及启示、城镇化空间形态的演变特征和趋势研究、产业发展对城镇化空间调整优化的影响研究、人口分布对城镇化空间调整优化的影响研究、交通运输对城镇化空间调整优化的影响研究、生态安全对城镇化空间调整优化的影响研究等。 |
| ● |
| 相关链接 |
|
|
|
正题名:论中国新型城镇化空间布局的优化方略
索取号:TU984.2/G133
 
预约/预借
| 序号 | 登录号 | 条形码 | 馆藏地/架位号 | 状态 | 备注 |
| 1 | 1585665 | 215856651 | 建筑库201/201建筑库 64排2列5层/ [索取号:TU984.2/G133] | 在馆 | |
| 2 | 1585666 | 215856660 | 建筑库201/201建筑库 64排2列5层/ [索取号:TU984.2/G133] | 在馆 |